|
|
|
|
| LEADER |
00000cam a2200000 7i4500 |
| 001 |
0000001484 |
| 005 |
20010704.0 |
| 090 |
0 |
0 |
|a 338.17498
|b BRE 1988
|
| 100 |
1 |
0 |
|a BRENNAN
|h G. K.
|c 1958-
|
| 245 |
1 |
0 |
|a Penetration of copper-chrone-arsenic preservative into regrowth jarrah posts
|c G. K. Brennan
|
| 260 |
0 |
0 |
|a (Harvey, W. A.) :
|b Wood Utilisation Research Centre (W. A.) ,
|c 1988
|
| 300 |
|
|
|a v, 9 p. ;
|c 30 cm.
|
| 440 |
0 |
0 |
|a Report (Wood Utilisation Research Centre, (W. A.); n. 6
|
| 500 |
0 |
0 |
|a Bibliography : p. 9
|
| 650 |
0 |
0 |
|a Jarrah
|x Preservation
|
| 650 |
0 |
0 |
|a Wood poles
|x Preservation
|
| 650 |
0 |
0 |
|a Wood preservatives
|x Absorption and adsorption
|
| 710 |
1 |
1 |
|a Wood Utilisation Research Centre (W. A.)
|
| 998 |
|
|
|a JPSM
|
| 999 |
|
|
|a 0000005715
|b Monograph
|c Open Shelf
|e Default branch
|